Tổng hợp spinen NiFe2O4 bằng phương pháp đốt cháy gel ở nhiệt độ thấp /

Shranjeno v:
Bibliografske podrobnosti
Glavni avtor: Lưu Minh Đại.
Drugi avtorji: Đào Ngọc Nhiệm., Phạm Ngọc Chức., Vũ Thế Ninh.
Format: Bài viết
Jezik:Vietnamese
Teme:
Oznake: Označite
Brez oznak, prvi označite!
Thư viện lưu trữ: Thư viện Trường Đại học Đà Lạt
LEADER 00921nam a2200301 4500
001 DLU110119771
005 ##20110414
040 # # |a DLU  |b vie 
041 # # |a vie 
044 # # |a vn 
100 # # |a Lưu Minh Đại. 
245 # # |a Tổng hợp spinen NiFe2O4 bằng phương pháp đốt cháy gel ở nhiệt độ thấp /  |c Lưu Minh Đại, ...{và những người khác} 
653 # # |a Hình thái học 
653 # # |a Vi cấu trúc 
653 # # |a Xúc tác 
700 # # |a Đào Ngọc Nhiệm. 
700 # # |a Phạm Ngọc Chức. 
700 # # |a Vũ Thế Ninh. 
773 # # |t Tạp chí Hóa học  |g Số 6(46), 2008, tr. 675-680 
920 # # |a Phòng Tạp chí -- Trung tâm Thông tin - Thư viện Trường Đại học Đà Lạt 
994 # # |a DLU 
900 # # |a True 
911 # # |a Nguyễn Thị Linh Chi 
925 # # |a G 
926 # # |a A 
927 # # |a BB 
980 # # |a Thư viện Trường Đại học Đà Lạt